[Event "RUS-chT rapid"]
[Site "Sochi"]
[Date "2018.10.08"]
[Round "2.2"]
[White "Babayan, Arman S"]
[Black "Kostin, Alexey"]
[Result "1-0"]
[WhiteElo "1673"]
[BlackElo "2253"]
[PlyCount "117"]
[EventDate "2018.10.08"]
[EventType "team-swiss (rapid)"]
[EventRounds "9"]
[EventCountry "RUS"]
[SourceTitle "CBM 186 Extra"]
[Source "ChessBase"]
[SourceDate "2018.08.24"]
[SourceVersion "1"]
[SourceVersionDate "2018.08.24"]
[SourceQuality "1"]
[WhiteTeam "Stavropol Region II"]
[BlackTeam "Moscow Liga Tsifrovoy Ekonomiki"]
[WhiteTeamCountry "RUS"]
[BlackTeamCountry "RUS"]

1. c4 Nf6 2. Nc3 c5 3. Nf3 e6 4. e3 Be7 5. Be2 b6 6. 0-0 Bb7 7. b3 0-0 8. Bb2 d6 9. d4 cxd4 10. exd4 d5 11. Rc1 Nbd7 12. Qc2 Rc8 13. cxd5 Nxd5 14. Qd2 Bb4 15. a3 Nxc3 16. Bxc3 Bxa3 17. Ra1 Bd6 18. Rxa7 Bxf3 19. Bxf3 Rxc3 20. Qxc3 Nf6 21. Ra8 Bb8 22. Rc1 h6 23. Kh1 Nh7 24. g3 Qg5 25. Qe3 Qf6 26. d5 Ng5 27. Bg2 e5 28. h4 Nh7 29. Rc6 Qf5 30. Qxb6 Nf6 31. Rxf6 Qxf6 32. Rxb8 Rxb8 33. Qxb8+ Kh7 34. Qa7 g5 35. h5 Kg7 36. Qe3 Qd6 37. b4 f5 38. Qc5 Qf6 39. Qc7+ Kf8 40. Qc8+ Ke7 41. Qc7+ Kf8 42. d6 Qf7 43. d7 Qxh5+ 44. Kg1 Qd1+ 45. Bf1 Ke7 46. Qxe5+ Kxd7 47. Qxf5+ Ke7 48. Qh7+ Kf6 49. Qxh6+ Kf5 50. Qf8+ Kg4 51. Qc8+ Kh5 52. b5 Qb1 53. Qe8+ Kh6 54. Qe6+ Kh5 55. b6 g4 56. Qf7+ Kh6 57. b7 Qb6 58. Qf8+ Kh7 59. b8Q 1-0

[Event "Sochi City-ch"]
[Site "Sochi"]
[Date "2017.09.08"]
[Round "7"]
[White "Derevshikov, Nikita"]
[Black "Babayan, Arman S"]
[Result "1-0"]
[WhiteElo "1668"]
[BlackElo "1638"]
[PlyCount "81"]
[EventDate "2017.09.02"]
[EventType "swiss"]
[EventRounds "9"]
[EventCountry "RUS"]
[SourceTitle "CBM 180 Extra"]
[Source "ChessBase"]
[SourceDate "2017.10.06"]
[SourceVersion "1"]
[SourceVersionDate "2017.10.06"]
[SourceQuality "1"]

1. e4 d6 2. d4 Nf6 3. Bd3 g6 4. Ne2 Bg7 5. f3 0-0 6. Be3 Nbd7 7. Nbc3 c6 8. Qd2 Re8 9. g4 e5 10. h4 exd4 11. Bxd4 Ne5 12. Bxe5 dxe5 13. 0-0-0 b5 14. Rdg1 Qa5 15. Kb1 Be6 16. Nc1 Rad8 17. Qe3 b4 18. Nd1 c5 19. Nb3 Bxb3 20. axb3 Qb6 21. h5 a5 22. hxg6 hxg6 23. Nf2 Rd4 24. g5 Nh5 25. Ng4 Nf4 26. Bc4 Ne6 27. Qf2 Kf8 28. Qh4 Ke7 29. Ne3 Kd7 30. Nd5 Qd6 31. Bb5+ Kd8 32. Bxe8 Kxe8 33. Nf6+ Bxf6 34. gxf6 Kd8 35. Qh8+ Kc7 36. Qa8 Qb6 37. Qe8 Rd7 38. Rd1 Qc6 39. Rxd7+ Qxd7 40. Qa8 Qb5 41. Qa7+ 1-0

[Event "RUS-chT U14"]
[Site "Sochi"]
[Date "2017.05.09"]
[Round "8.3"]
[White "Babayan, Arman S"]
[Black "Gavrilin, Roman"]
[Result "0-1"]
[WhiteElo "1746"]
[BlackElo "1668"]
[PlyCount "158"]
[EventDate "2017.05.01"]
[EventType "team-tourn"]
[EventRounds "9"]
[EventCountry "RUS"]
[SourceTitle "CBM 178 Extra"]
[Source "ChessBase"]
[SourceDate "2017.06.22"]
[SourceVersion "1"]
[SourceVersionDate "2017.06.22"]
[SourceQuality "1"]

1. e4 c5 2. c3 d5 3. exd5 Qxd5 4. d4 Nc6 5. Nf3 Bg4 6. Be2 cxd4 7. cxd4 e6 8. Nc3 Bb4 9. 0-0 Qa5 10. Bd2 Qd8 11. Be3 Nf6 12. h3 Bh5 13. a3 Bd6 14. Qd2 0-0 15. Rad1 Nd5 16. Bg5 Be7 17. Bxe7 Ncxe7 18. Nxd5 Nxd5 19. Ne5 Bxe2 20. Qxe2 Rc8 21. f4 Ne7 22. g4 Qd5 23. Nf3 Qc4 24. Qf2 Rfd8 25. Rd2 Nd5 26. Ne5 Qb3 27. Nd3 Nf6 28. Re1 Qd5 29. Nb4 Qd6 30. Na2 Rc4 31. Nc3 Rxd4 32. Rxd4 Qxd4 33. Qxd4 Rxd4 34. f5 exf5 35. gxf5 Kf8 36. Re5 a6 37. Rc5 Ke7 38. Rc7+ Rd7 39. Rc4 Kd8 40. b4 Rd3 41. Kg2 Nd5 42. Nxd5 Rxd5 43. Rh4 Rxf5 44. Rxh7 g6 45. Rh4 Kc7 46. Rc4+ Kd6 47. Rd4+ Rd5 48. Rf4 f5 49. a4 Ke5 50. Rf3 Rd4 51. Rb3 g5 52. a5 f4 53. b5 Ra4 54. Rc3 Rxa5 55. bxa6 bxa6 56. Rc6 Ra3 57. Rc5+ Kf6 58. Rc6+ Kf5 59. Rc5+ Kg6 60. Rc8 Ra5 61. Rc6+ Kf5 62. Rc8 Ke4 63. Rc4+ Kd5 64. Rc8 Rc5 65. Rd8+ Kc4 66. Ra8 a5 67. Kf3 Kb4 68. h4 Rc3+ 69. Kg4 Rg3+ 70. Kf5 f3 71. Ke4 gxh4 72. Rb8+ Kc3 73. Rh8 h3 74. Kf4 f2 75. Kxg3 f1Q 76. Rc8+ Kd2 77. Rd8+ Qd3+ 78. Rxd3+ Kxd3 79. Kxh3 a4 0-1

[Event "RUS-chT U14"]
[Site "Sochi"]
[Date "2017.05.07"]
[Round "6.2"]
[White "Babayan, Arman S"]
[Black "Goncharova, Sofiya"]
[Result "1-0"]
[WhiteElo "1746"]
[BlackElo "1034"]
[PlyCount "57"]
[EventDate "2017.05.01"]
[EventType "team-tourn"]
[EventRounds "9"]
[EventCountry "RUS"]
[SourceTitle "CBM 178 Extra"]
[Source "ChessBase"]
[SourceDate "2017.06.22"]
[SourceVersion "1"]
[SourceVersionDate "2017.06.22"]
[SourceQuality "1"]

1. c4 e5 2. Nc3 Nf6 3. e3 d5 4. cxd5 Nxd5 5. Qh5 Nc6 6. Bb5 Nxc3 7. Qxe5+ Be6 8. Qxc3 Bd7 9. Nf3 a6 10. Ba4 f6 11. 0-0 Bb4 12. Qc2 0-0 13. Bxc6 Bxc6 14. Qc4+ Kh8 15. Qxb4 Bxf3 16. gxf3 f5 17. Qf4 Rf6 18. d4 c5 19. Bd2 Qe8 20. Kh1 Qh5 21. Rg1 Rh6 22. Rg5 Qe8 23. Rag1 Qb5 24. Rxg7 Rf6 25. Qh4 h6 26. Rg8+ Rxg8 27. Qxf6+ Kh7 28. Qf7+ Rg7 29. Qxg7# 1-0

[Event "World School-ch U13"]
[Site "Sochi"]
[Date "2016.12.08"]
[Round "6"]
[White "Prischenko, Andrey"]
[Black "Babayan, Arman S"]
[Result "0-1"]
[WhiteElo "1348"]
[BlackElo "1607"]
[PlyCount "54"]
[EventDate "2016.12.03"]
[EventType "swiss"]
[EventRounds "9"]
[EventCountry "RUS"]
[SourceTitle "EXT 2018"]
[Source "ChessBase"]
[SourceDate "2017.10.13"]
[SourceVersion "1"]
[SourceVersionDate "2017.10.13"]
[SourceQuality "1"]

1. e4 d6 2. d4 Nf6 3. Nc3 g6 4. Nf3 Bg7 5. Bc4 0-0 6. 0-0 c6 7. Bb3 Bg4 8. Bf4 Nbd7 9. Bg5 Qa5 10. Bd2 Qh5 11. Re1 b5 12. a3 a5 13. Re3 Bxf3 14. Rxf3 b4 15. axb4 axb4 16. Ne2 Rxa1 17. Qxa1 Nxe4 18. Bxb4 Qb5 19. Re3 Qxb4 20. Rxe4 e5 21. Qd1 d5 22. c3 Qb6 23. Re3 Rb8 24. Ba4 exd4 25. Nxd4 Bxd4 26. cxd4 Qxb2 27. Bxc6 Nf6 0-1